Statistiken für Quiz: deutschsprachige Komponisten #1

Klicken Sie hier um das Quiz zu spielen!

Allgemein

  • Dieses Quiz wurde 80 mal gespielt
  • Das Durchschnittsergebnis liegt bei 7 aus 16

Antwortstatistiken

Antwort% Korrekt
Ludwig van Beethoven
97%
Johann Sebastian Bach
90%
Wilhelm Richard Wagner
83%
Franz Joseph Haydn
69%
Robert Schumann
56%
Johann Georg Leopold Mozart
52%
Johannes Brahms
45%
Johann Baptist Strauss (Sohn)
31%
Jakob Ludwig Felix Mendelssohn Bartholdy
27%
Karlheinz Stockhausen
23%
Richard Georg Strauss
23%
Carl Maria von Weber
18%
Carl Orff
17%
Christoph Willibald Gluck
17%
Alban Berg
15%
Carl Czerny
6%

Verteilung der Resultate

Perzentil nach korrekt beantworteten Fragen

Anzahl Personen mit jedem Resultat

Ihre Resultats-Entwicklung

Sie haben dieses Quiz noch nicht gespielt